Energy efficiency plan 2011 (Record no. 112076)
[ view plain ]
| 000 -LEADER | |
|---|---|
| fixed length control field | 01078cad a22001935a 4500 |
| 001 - CONTROL NUMBER | |
| control field | L152500 |
| 008 - FIXED-LENGTH DATA ELEMENTS--GENERAL INFORMATION | |
| fixed length control field | 110318s2011 xxk f 000 0 eng d |
| 035 ## - SYSTEM CONTROL NUMBER | |
| System control number | (Sirsi) u152500 |
| 041 0# - LANGUAGE CODE | |
| Language code of text/sound track or separate title | eng |
| 110 2# - MAIN ENTRY--CORPORATE NAME | |
| Corporate name or jurisdiction name as entry element | European Commission |
| 9 (RLIN) | 2292 |
| 245 00 - TITLE STATEMENT | |
| Title | Energy efficiency plan 2011 |
| Medium | [electronic resource] |
| 260 ## - PUBLICATION, DISTRIBUTION, ETC. | |
| Place of publication, distribution, etc. | [S.l.] |
| Name of publisher, distributor, etc. | EC |
| Date of publication, distribution, etc. | 2011 |
| 520 ## - SUMMARY, ETC. | |
| Summary, etc. | Identifies sectors of the EU economy which would benefit from additional investment in order to achieve energy savings. Notes that the EU's has a 2020 target to achieve a 20% saving of its primary energy consumption compared to projections and the possibility that this goal may not be reached. The greatest energy saving potential lies in buildings and other infrastructure with other important areas including transport and power generation. |
| 590 ## - LOCAL NOTE (RLIN) | |
| Local note | KA NTK |
| 651 #4 - SUBJECT ADDED ENTRY--GEOGRAPHIC NAME | |
| Geographic name | Europe |
| 690 ## - LOCAL SUBJECT ADDED ENTRY--TOPICAL TERM (OCLC, RLIN) | |
| Topical term or geographic name as entry element | ENVIRONMENTAL AND LAND CONSULTANCY-ENERGY-ENERGY USE-ENERGY EFFICIENCY |
| 856 40 - ELECTRONIC LOCATION AND ACCESS | |
| Uniform Resource Identifier | <a href="https://ec.europa.eu/clima/documentation/roadmap/docs/efficiency_plan_en.pdf">https://ec.europa.eu/clima/documentation/roadmap/docs/efficiency_plan_en.pdf</a> |
| Public note | View the item free of charge at http://europa.eu |
| 942 ## - ADDED ENTRY ELEMENTS (KOHA) | |
| Suppress in OPAC | 0 |
| Withdrawn status | Lost status | Source of classification or shelving scheme | Damaged status | Not for loan | Home library | Current library | Shelving location | Date acquired | Total Checkouts | Full call number | Barcode | Date last seen | Copy number | Price effective from | Koha item type |
|---|---|---|---|---|---|---|---|---|---|---|---|---|---|---|---|
| Dewey Decimal Classification | Virtual | Virtual | Online | 18/03/2011 | ONLINE PUBLICATION | 152500-2001 | 06/08/2019 | 1 | 06/08/2019 | Book |